Hospital service quality : performance and patient satisfaction /
محفوظ في:
| المؤلف الرئيسي: | |
|---|---|
| التنسيق: | أطروحة كتاب |
| اللغة: | English |
| منشور في: |
1996.
|
| الموضوعات: | |
| الوسوم: |
إضافة وسم
لا توجد وسوم, كن أول من يضع وسما على هذه التسجيلة!
|
| LEADER | 00905cam a2200253 a 4500 | ||
|---|---|---|---|
| 001 | u401099 | ||
| 003 | SIRSI | ||
| 008 | 960816s1996 si v 00 1 eng m | ||
| 035 | |a ACA-9585 | ||
| 040 | |a UMM | ||
| 043 | |a a-si--- | ||
| 090 | |a RA399 |b S55Chu | ||
| 100 | 1 | 0 | |a Chui, Paul Peng Sun. |
| 245 | 1 | 0 | |a Hospital service quality : |b performance and patient satisfaction / |c by Paul Chui Peng Sun. |
| 260 | |c 1996. | ||
| 300 | |a 1 v. (various pagings) : |b ill. ; |c 30 cm. | ||
| 502 | |a Dissertation (M.B.A.) -- National University of Singapore, 1996. | ||
| 504 | |a Includes bibliographical references. | ||
| 650 | 0 | |a Patient satisfaction |z Singapore. | |
| 650 | 0 | |a Medical care |z Singapore |x Evaluation | |
| 650 | 0 | |a Medical care |z Singapore |x Quality control. | |
| 948 | |a 16/08/1996 |b 25/11/2000 | ||
| 596 | |a 1 | ||
| 999 | |a RA399 S55CHU |w LC |c 1 |i A506139502 |d 22/9/2016 |e 22/9/2016 |l STACKS |m P01UTAMA |n 19 |r Y |s Y |t TESIS |u 27/9/1996 | ||
